[Event "FRA-chT U20"]
[Site "Pau"]
[Date "2005.12.19"]
[Round "5"]
[White "Perusseau, Clement"]
[Black "Ballat, Pierre"]
[Result "1-0"]
[WhiteElo "2000"]
[BlackElo "1410"]
[PlyCount "77"]
[EventDate "2005.12.??"]
[EventType "team"]
[EventRounds "11"]
[EventCountry "FRA"]
[SourceTitle "EXT 2007"]
[Source "ChessBase"]
[SourceDate "2006.11.23"]
[SourceVersion "1"]
[SourceVersionDate "2006.11.23"]
[SourceQuality "1"]
[WhiteTeam "Clichy"]
[BlackTeam "Cannes"]
[WhiteTeamCountry "FRA"]
[BlackTeamCountry "FRA"]

1. e4 e5 2. Nf3 Nf6 3. Nxe5 d6 4. Nf3 Nxe4 5. Nc3 Nf6 6. d4 d5 7. Bf4 Bb4 8. Bd3 Bxc3+ 9. bxc3 0-0 10. 0-0 Bg4 11. Rb1 b6 12. c4 Nbd7 13. Rb3 c5 14. Bg5 dxc4 15. Bxc4 h6 16. Bh4 Qc7 17. h3 Bh5 18. g4 Bg6 19. Bg3 Qb7 20. Ne5 Nxe5 21. Bxe5 Nd7 22. Bd6 Ne5 23. dxe5 Rad8 24. Qd5 Qc8 25. Rc3 Rfe8 26. f4 Be4 27. Qxe4 Rxd6 28. Rd3 Rxd3 29. Bxd3 g6 30. f5 gxf5 31. Rxf5 Qd7 32. Rf6 Re6 33. Qh7+ Kf8 34. Qxh6+ Ke7 35. Rxe6+ Qxe6 36. Qxe6+ Kxe6 37. Kf2 Kxe5 38. Ke3 a5 39. c4 1-0